Reconocimiento etnográfico de los aztecas de El Salvador /

Este capítulo es una traducción de un documento escrito a finales del siglo XIX por un arqueólogo y etnógrafo sueco llamado Carl Vihelm Hartman, quien dedicó un período productivo de investigación al área centroamericana. A pesar de que viajó extensamente por la región, una gran parte de su tiempo l...

Fuld beskrivelse

Guardado en:
Bibliografiske detaljer
Hovedforfatter: Vilhelm Hartman, Carl
Format: Texto
Fag:
Tags: Tilføj Tag
Ingen Tags, Vær først til at tagge denne postø!

MARC

LEADER 00000 a a2200000 04500
001 9571
003
040
100 |a Vilhelm Hartman, Carl  
245 |a Reconocimiento etnográfico de los aztecas de El Salvador /  |c Carl Vilhelm Hartman 
520 |a Este capítulo es una traducción de un documento escrito a finales del siglo XIX por un arqueólogo y etnógrafo sueco llamado Carl Vihelm Hartman, quien dedicó un período productivo de investigación al área centroamericana. A pesar de que viajó extensamente por la región, una gran parte de su tiempo la ocupó en su trabajo en El Salvador, ya que una base en Nahuizalco le permitió dedicarse al estudio de los pipiles, a quienes él denominaba "los aztecas de El Salvador". Este capítulo dice ofrecer una visión única de la Mesoamércia del siglo XIX, en la cual Hartman enfoca su atención en la tierra y la vida en la región pipil. Entre algunos aspectos subtitulados en el capítulo encontramos: Viaje a Centroamérica, Los pueblos aztecas, El Salvador, Nahuizalco,Luchas políticas, Trabajo antropométrico, El idioma azteca, Cultura material, Costumbres religiosas y ceremoniales y Potencial investigativo . El documento se respalda con varias fotografías e ilustraciones./MSD  
650 |a ETNOGRAFIA  
650 |a ANTROPOLOGIA SOCIAL Y CULTURAL  
650 |a GRUPOS ETNICOS  
773 |g volumen 22, número 41; páginas 146-192  
999 |c 37793  |d 37793